[Event "Sautron op 18th"]
[Site "Sautron "]
[Date "2018.10.26"]
[Round "7.3"]
[White "Duboue, Peio"]
[Black "Nikolov, Momchil"]
[Result "0-1"]
[WhiteElo "2399"]
[BlackElo "2555"]
[Annotator "Primel,D"]
[PlyCount "54"]
[EventDate "2018.10.20"]
[EventType "swiss"]
[EventRounds "9"]
[EventCountry "FRA"]
[SourceTitle "EXT 2021"]
[Source "ChessBase"]
[SourceDate "2020.10.23"]
[SourceVersion "1"]
[SourceVersionDate "2020.10.23"]
[SourceQuality "1"]
[TimeControl "40/5400+30:1800+30"]
[WhiteClock "0:16:33"]
[BlackClock "0:24:16"]

1. e4 {[%emt 0:00:00]} c5 {[%emt 0:00:00]} 2. Nf3 {[%emt 0:00:00]} Nc6 {
[%emt 0:00:00]} 3. Nc3 {[%emt 0:00:37]} Nf6 {[%emt 0:01:26]} 4. d4 {[%emt 0:00:
07]} cxd4 {[%emt 0:00:10]} 5. Nxd4 {[%emt 0:00:04]} Qb6 $5 {[%emt 0:01:25] La
variante Grivas} 6. Nb3 {[%emt 0:08:09]} e6 {[%emt 0:00:14]} 7. Be3 {[%emt 0:
07:39]} (7. Bd3 a6 8. O-O) (7. Qe2 Bb4 8. Bd2 O-O 9. a3 Be7 10. e5 Nd5 11.
O-O-O $13) 7... Qc7 {[%emt 0:00:09]} 8. a3 {[%emt 0:04:04]} (8. Bd3 $142 a6 9.
f4 d6 10. Qf3 Be7 11. O-O (11. g4) 11... O-O 12. Rae1 $32) 8... a6 {[%emt 0:01:
27]} 9. f4 {[%emt 0:00:41]} d6 {[%emt 0:00:21]} 10. Qf3 {[%emt 0:02:13]
Peut-être pas le plus précis} (10. g4 $5 b5 11. g5 Nd7 12. h4 Bb7 13. h5 Nb6
{[%cal Gb6c4]} 14. Qf3 b4 (14... Nc4 $6 15. Bxc4 bxc4 16. Nd2 $16) 15. Qf2 bxc3
16. Bxb6 Qc8 17. bxc3 Be7 18. O-O-O O-O 19. g6 fxg6 20. hxg6 h6 21. Bh3 Rb8 22.
a4 a5 23. Rhe1 Ba6 24. e5 Nxe5 25. Bxa5 Kh8 26. Qg3 Bc4 27. fxe5 Bg5+ 28. Kb2
Bf4 29. Qg1 Bxe5 30. Rxe5 dxe5 31. Bb4 Rf3 32. Bg2 Rg3 33. Qh2 Re3 34. Qg1 Rg3
35. Qf2 Rxg6 36. Be4 Rg4 37. Nc5 Qe8 38. Qe3 Rf4 39. Nd7 Qh5 {Bogner,S (2599)
-Naiditsch,A (2702) Douglas 2017 1-0}) (10. Bd3 Be7 11. O-O {Transposant dans
une Sheveningen} b5 12. Qf3 Bb7 13. Rae1 O-O 14. Qh3 {[%cal Ge4e5,Gd3h7]} b4
$132 {Peters,J (2500)-Fedorowicz,J (2475) USA-ch Berkeley 1984 (1) 1/2}) 10...
Be7 {[%emt 0:03:25]} 11. O-O-O {[%emt 0:01:22]} b5 {[%emt 0:10:40] Comme
souvent dans une sicilienne ouverte, le K Noir est moins en danger au centre
qu'à l'aile-roi} (11... O-O $143 12. g4 b5 13. g5 Nd7 14. h4 b4 15. axb4 Nxb4
16. h5 Bb7 $132 {Berdayes Ason,D (2346)-Villegas,F (2138) Pan American-ch U18
2015 (7) 0-1}) 12. g4 {[%emt 0:10:43]} b4 {[%emt 0:06:12] Une nouveauté dans
cet ordre mais en fait, c'est une simple transposition} (12... Bb7 13. g5 Nd7
14. f5 Nce5 15. Qh3 exf5 16. Qxf5 g6 17. Qf4 O-O) 13. axb4 {[%emt 0:00:08]}
Nxb4 {[%emt 0:00:20][%csl Gb4] Le Nb4 est bien placé pour soutenir la
poussée libératrice d5 tout en faisant pression sur "c2"} 14. g5 {[%emt 0:02:
46]} Nd7 {[%emt 0:00:30]} 15. h4 {[%emt 0:01:38]} Bb7 {[%emt 0:05:40]} 16. h5 {
[%emt 0:02:10]} Rc8 {[%emt 0:18:47]} (16... O-O $6 17. g6 $1 fxg6 18. hxg6 h6
19. Qh3 $40 {[%csl Re6,Rg8,Rh6][%cal Gf4f5,Ge3h6,Gh3e6]}) 17. Rd2 $6 $146 {
[%emt 0:06:09] Un coup passif} (17. Bd3 d5 18. Kb1 Nxd3 19. cxd3 dxe4 20. dxe4
O-O 21. g6 Nf6 22. Rc1 Qb8 23. Bd4 Rxc3 24. Qxc3 Bxe4+ 25. Ka1 Qb5 26. Nc5 Bxh1
27. Rxh1 Rc8 28. Rc1 Ne4 29. gxh7+ Kh8 30. Bxg7+ Kxh7 31. Qc2 Rxc5 32. Qxe4+ f5
33. Rxc5 fxe4 34. Rxb5 axb5 35. Bd4 Kh6 36. Kb1 Kxh5 37. Kc2 Kg4 38. Kd1 Kf3
39. Bc3 Bh4 {0-1 (39) Wang,T (2385)-Zhao,J (2616) China 2017}) (17. Qf2 $142 $1
d5 18. f5 dxe4 19. Kb1 Nd5 20. Nxd5 Bxd5 21. c4 $1 Bc6 (21... Bxc4 22. Rc1) 22.
fxe6 $36 {[%csl Re8,Rf7]}) 17... d5 $1 $36 {[%emt 0:06:30][%csl Rc2][%cal
Gb7f3,Gb7h1] La poussée libératrice et les Blancs doivent lutter pour garder
l'égalité.} 18. g6 {[%emt 0:02:07]} (18. exd5 $2 Nxd5 19. Nxd5 Bxd5 {[%csl
Rh1]}) 18... dxe4 {[%emt 0:03:19]} 19. gxf7+ {[%emt 0:02:30]} Kxf7 {[%emt 0:00:
07]} 20. Qg3 {[%emt 0:04:15]} Bf6 $1 $40 {[%emt 0:03:41][%csl Gf6][%cal Gf6c3,
Gf6g7] Un fort coup multifonction et la partie a définitivement basculé en
faveur du GMI} 21. Bh3 {[%emt 0:04:26]} Rhd8 {[%emt 0:03:21]} 22. Nd4 {[%emt 0:
07:37]} Nf8 $1 {[%emt 0:02:59]} 23. Rhd1 {[%emt 0:07:46]} Qa5 {[%emt 0:14:36]}
24. Nb3 $2 {[%emt 0:00:41]} Na2+ $1 {[%emt 0:00:29]} 25. Nxa2 {[%emt 0:00:09]}
Qxa2 {[%emt 0:00:15]} 26. Bd4 {[%emt 0:00:43]} Rxd4 $1 {[%emt 0:00:38]} 27.
Rxd4 {[%emt 0:00:30]} Bd5 {[%emt 0:00:16]} 0-1

[Event "Syre Memorial op 29th"]
[Site "Issy les Moulineaux"]
[Date "2006.05.27"]
[Round "5"]
[White "Bernard, Christophe"]
[Black "Calistri, Tristan"]
[Result "1/2-1/2"]
[WhiteElo "2338"]
[BlackElo "2389"]
[Annotator "Primel,D"]
[PlyCount "91"]
[EventDate "2006.05.25"]
[EventType "swiss"]
[EventRounds "6"]
[EventCountry "FRA"]
[SourceTitle "EXT 2007"]
[Source "ChessBase"]
[SourceDate "2006.11.23"]
[SourceVersion "1"]
[SourceVersionDate "2006.11.23"]
[SourceQuality "1"]

1. e4 c5 2. Nf3 Nc6 3. d4 cxd4 4. Nxd4 Nf6 5. Nc3 e5 6. Ndb5 d6 7. Nd5 {
Une variante positionnelle conforme au style de l'ancien champion de France} (
7. Bg5 a6 8. Na3 b5 {La variante principale}) 7... Nxd5 8. exd5 Nb8 {[%cal
Gb8d7,Gd7f6]} (8... Ne7 {moins populaire car le N va se recycler sur des cases
plus naturelles que "d7" et "f6"} 9. c4 Nf5 10. Bd3 Be7 11. O-O O-O) 9. c4 (9.
a4 $5 Be7 10. Be2 O-O 11. O-O f5 12. f4 $1) 9... Be7 (9... a6 10. Nc3 Be7 11.
Be2 O-O 12. O-O f5) 10. Be2 a6 11. Nc3 O-O 12. O-O f5 13. f4 $1 {La bonne
réaction après f5} (13. f3 Nd7 (13... Bg5 14. Bxg5 Qxg5 15. Qc1 Qh4) 14. Be3
Bg5 $1 {les blancs ont perdu un temps de développement avec Be3 en cas
d'échange des B de cases noires.} 15. Bf2 Bf4 {[%csl Rh2][%cal Gd8h4]} 16. g3
Qg5 17. Kh1 Be3 18. Bxe3 Qxe3 19. f4) 13... Nd7 14. Kh1 Bf6 15. Qc2 exf4 16.
Bxf4 Ne5 {plus naturel que Be5} (16... Be5 $5 17. Qd2) 17. Rae1 ({RR} 17. Be3
Bd7 18. Qb3 Qe7 19. Rae1 Rfc8 $5 {[%csl Rb3][%cal Ga6a5,Ga5a4]} 20. a4 a5 21.
Bg1 (21. Qxb7 Rcb8) 21... Bh4 22. Rd1 Kh8 23. Nb5 Ng4 24. Bxg4 fxg4 25. c5 dxc5
26. d6 Qe5 27. Nc7 Rab8 28. Qe3 Qxe3 29. Bxe3 Bxa4 30. Ra1 Bc6 31. Bxc5 Bf6 {
Apicella,M (2501)-Lautier,J (2666)/Senat 2003/CBM 094 ext/1/2-1/2 (40)}) 17...
g5 18. Bxe5 ({RR} 18. Bc1 f4 19. Ne4 Bg7 20. Qb3 Bf5 21. Bd1 Rc8 22. c5 dxc5
23. Bd2 b5 24. d6+ c4 25. Qa3 Nd3 26. Re2 Bxb2 27. Qa5 Bxe4 28. Rxe4 Nc5 29.
Qb4 Nxe4 30. d7 {0-1 Fedorov,V (2436)-Gubajdullin,A (2342)/Cheliabinsk 2005/
EXT 2006}) 18... Bxe5 19. Bd3 Qf6 $146 ({RR} 19... Qd7 20. Na4 Bd4 21. Bxf5
Rxf5 22. Rxf5 Qxf5 23. Re8+ Kf7 24. Qxf5+ Bxf5 25. Rxa8 h5 26. Rb8 b6 27. Nxb6
Bxb2 28. c5 dxc5 29. d6 Be5 30. d7 Bxd7 31. Rb7 {1-0 Klimaszewski,D (2000)
-Slezak,R (2121)/Wisla 2000/EXT 2005 (31)}) 20. g4 $1 f4 21. Bxh7+ Kg7 (21...
Kh8) 22. Ne4 $1 {[%csl Ge4,Rf6,Rg5]} Qh6 23. Bf5 Rxf5 $1 {Le joueur de Créteil
va obtenir des bonnes compensations avec la paire de B et un duo f4g4} 24. gxf5
Bxf5 25. Qg2 g4 $1 {[%csl Gf4,Gg4]} 26. c5 Rh8 $1 27. Nxd6 Bxd6 28. cxd6 g3 29.
Qd2 (29. Kg1 Qxh2+ 30. Qxh2 Rxh2 31. Rxf4 Bh3 {[%csl Rg1]} 32. d7 (32. Re3 Rg2+
33. Kf1 Rf2+ 34. Ke1 Rxf4 35. Rxg3+ Kf7 36. Rxh3 Ke8 37. Rh7 {[%csl Re8]})
32... Rg2+ 33. Kf1 Rd2+ 34. Kg1 Rg2+) 29... Qxh2+ 30. Qxh2 Rxh2+ 31. Kg1 Bh3 $1
{Avec la menace d'un "tourniquet" sur le K blanc} 32. Re7+ Kg6 33. Rxf4 Rg2+
34. Kh1 Rh2+ (34... Rf2 $1 35. Re6+ Kg5 36. d7 Kxf4 37. Rf6+ $1 (37. d8=Q Rf1#)
37... Ke4 38. d8=Q Rf1+ $1 39. Rxf1 g2+ $1 {joli coup intermédiaire!} 40. Kh2
gxf1=Q 41. Qe7+ Kd3 42. Qa3+ Kd4 43. Qb4+ (43. Qxh3 $2 Qxh3+ 44. Kxh3 Kxd5 $17)
) 35. Kg1 Rg2+ 36. Kh1 Rd2 37. Re6+ Kg5 38. Rfe4 Bg2+ 39. Kg1 Bxe4 40. Rxe4
Rxd5 41. Re7 Rxd6 42. Rxb7 Kg4 43. Rg7+ Kf3 44. Rf7+ Ke3 45. Re7+ Kd2 46. Rc7 {
[%mdl 512]} 1/2-1/2

[Event "Rohde op 09th"]
[Site "Sautron"]
[Date "2009.10.30"]
[Round "8"]
[White "Colovic, Aleksandar"]
[Black "Milanovic, Danilo"]
[Result "1/2-1/2"]
[WhiteElo "2441"]
[BlackElo "2533"]
[Annotator "Primel,D"]
[PlyCount "63"]
[EventDate "2009.10.24"]
[EventType "swiss"]
[EventRounds "9"]
[EventCountry "FRA"]
[SourceTitle "EXT 2010"]
[Source "ChessBase"]
[SourceDate "2010.11.25"]
[SourceVersion "1"]
[SourceVersionDate "2010.11.25"]
[SourceQuality "1"]

1. e4 c5 2. Nf3 Nc6 3. d4 cxd4 4. Nxd4 Nf6 5. Nc3 e5 6. Ndb5 d6 7. Bg5 a6 8.
Na3 b5 9. Nd5 Be7 (9... Qa5+) 10. Bxf6 Bxf6 11. c3 Bg5 (11... O-O) 12. Nc2 Ne7
$5 {[%cal Ge7d5]} (12... O-O {la grande ligne et Ne7 se joue beaucoup moins
mais cette ligne secondaire Ne7 est devenue assez populaire récemment
notamment parce que RADJABOV a commencé а l'utiliser régulièrement.}) 13. h4 {
la suite la plus agressive} (13. a4 {Cabrilo,G (2494)-Milanovic,D (2493)
BIH-chT Vogosca 2007 (9) 1/2}) (13. Ncb4 {Smeets,J (2550)-Carlsen,M (2625)
Corus-B Wijk aan Zee 2006 (2) 0-1}) 13... Bh6 14. a4 $1 (14. Ncb4 O-O $11)
14... bxa4 15. Ncb4 {[%cal Gb4d5] L'idée principale de Ne7 étant de contester
le contrôle de la case "d5" et d'échanger le Nd5, les blancs doivent protéger
cette case forte.} O-O 16. Qxa4 $14 Nxd5 (16... a5 17. Bb5 Nxd5 18. Nxd5 Be6
19. Bc6 Rb8 20. b4 $14 {Grischuk,A (2733)-Carlsen,M (2776) Linares 26th 2009 
(5) 1/2}) 17. Nxd5 a5 (17... f5 18. Bd3 Be6) 18. Bb5 (18. g3 Rb8 19. Bb5 Bg4
$11) 18... Be6 (18... Kh8 {Karjakin,S (2678)-Shirov,A (2715) Corus Wijk aan
Zee 2007 (6) 1-0}) 19. Bc6 Rb8 20. b4 $1 {[%cal Gb4b5] Les blancs menacent de
se créer un fort P passé soutenu par le Bc6} (20. Ra2 $5 Kh8 21. b4 axb4 22.
cxb4 f5 $132) (20. b3 Kh8 21. g3 Bg4 $11 {Volokitin,A (2645)-Timofeev,A (2662)
ESP-ch final 2006 (1) 0-1}) 20... Bxd5 (20... axb4 21. cxb4 Kh8 22. b5 {
[%csl Gb5]} Bxd5 23. Bxd5 Qb6 {Shirov,A (2745)-Radjabov,T (2756) Bazna Kings
3rd 2009 (8) 1/2} (23... f5 $5 24. exf5 Rxf5 25. O-O $14)) 21. Bxd5 axb4 22.
cxb4 Qb6 {[%csl Rb4]} 23. Rb1 {[%cal Gb1b4] Plusieurs parties de haut niveau
ont préféré sacrifier le Pb4 mais les compensations ne sont pas claires.} (23.
O-O Qxb4 24. Qd7 {[%csl Rf7]} Kh8 25. Ra4 Qb5 26. Qxb5 Rxb5 27. Bxf7 {[%csl
Rh8][%cal Ga4a8];Grischuk,A (2733)-Carlsen,M (2776) Linares 26th 2009 (5) 1/2})
23... Qd4 24. O-O Bd2 $132 {[%csl Rb4]} 25. Rfd1 Rxb4 26. Rxb4 $6 {les blancs
n'ont rien après cet échange} (26. Qd7 $1 {[%csl Ga7,Rd6,Rf7,Rf8,Rg8][%cal
Gb1a1,Ga1a7,Ga1a8,Gd7d6]} Qb6 {[%cal Gb6d6,Gb4b1]} 27. Ra1 $36 Bc3 {[%csl Rf2]
[%cal Gc3a1,Gc3d4]} 28. Ra8 {[%csl Rf7]} Rxa8 29. Bxa8 {[%cal Gd7e8]} Qb8 30.
Bd5 Rb1 31. Rxb1 Qxb1+ 32. Kh2 Qb8 33. Bxf7+ {le K noir est plus exposé et les
blancs gardent un petit avantage dans la finale} Kh8 34. Qe7 {[%cal Gf7e8,
Ge7f8]}) 26... Qxb4 27. Qa2 Bc3 28. Bxf7+ $5 $146 (28. Rb1 Qa5 $11 29. Bxf7+
Kh8 30. Qxa5 Bxa5 31. Rb7 g6 32. g3 Be1 33. Rd7 Bxf2+ 34. Kxf2 Kg7 35. Ke3 Rxf7
36. Rxd6 Ra7 37. Re6 Ra3+ 38. Kf2 Ra2+ 39. Kf3 Ra3+ {1/2-1/2 Felgaer,R (2539)
-Wang Hao (2665)/Gibraltar 2008/CBM 122 Extra (39)}) 28... Rxf7 29. Rb1 {
[%cal Gb1b8]} Bb2 $8 30. Rxb2 Qe1+ 31. Kh2 g6 32. Re2 1/2-1/2

[Event "Rohde op 07th"]
[Site "Sautron"]
[Date "2007.10.28"]
[Round "2"]
[White "Edouard, Romain"]
[Black "Bedouin, Xavier"]
[Result "1-0"]
[WhiteElo "2472"]
[BlackElo "2342"]
[Annotator "RR"]
[PlyCount "55"]
[EventDate "2007.10.27"]
[EventType "swiss"]
[EventRounds "9"]
[EventCountry "FRA"]
[SourceTitle "EXT 2008"]
[Source "ChessBase"]
[SourceDate "2007.11.25"]
[SourceVersion "1"]
[SourceVersionDate "2007.11.25"]
[SourceQuality "1"]

1. e4 c5 2. Nf3 Nc6 3. d4 cxd4 4. Nxd4 Nf6 5. Nc3 e5 6. Ndb5 d6 7. Nd5 (7. Bg5
{la suite plus agressive} a6 8. Na3 b5 9. Bxf6 (9. Nd5 Be7) 9... gxf6 10. Nd5 {
Crouan,S (2207)-Bedouin,X (2342) 7th Rohde Open 2007 (4.16) 0-1}) 7... Nxd5 8.
exd5 Nb8 {[%cal Gb8d7]} (8... Ne7 $143 9. c4 (9. c3)) 9. c4 Be7 10. Be2 a6 (
10... O-O {Plus courant} 11. O-O a6 12. Nc3 f5) 11. Nc3 O-O 12. O-O Nd7 (12...
f5 13. f4 $5 {[%csl Rf5][%cal Gf4e5] Une bonne réaction pour contrer f5} Nd7
14. Kh1 Bf6 15. Qc2 exf4 {[%cal Gd7e5]} 16. Bxf4 Ne5 $132 {[%csl Ge5]}) 13. Kh1
f5 {Chaque camp essaye de valoriser sa majorité de P} 14. f4 $1 Bf6 (14... e4
$143 $6 15. Be3 {[%csl Gd4]}) 15. Qc2 g6 (15... exf4 $5) 16. Be3 (16. g3 $5)
16... exf4 $5 {[%cal Gd7e5]} (16... Re8 $142 17. Rfe1 b6 18. Bf1 Ra7) 17. Bxf4
Ne5 {[%csl Ge5]} 18. Rad1 Bd7 19. c5 $5 $146 {[%csl Gd5] Un sacrifice
intéressant pour libérer le P passé} ({RR} 19. Nb1 Rc8 20. Nd2 Re8 21. Nf3 Ng4
22. h3 Ne3 23. Bxe3 Rxe3 24. Bd3 Qa5 25. b4 Qa3 26. Ne1 Qxb4 27. Qf2 Qc5 28.
Nc2 Re7 29. Qxc5 Rxc5 30. Rfe1 Rxe1+ 31. Rxe1 Kf7 32. Na1 Ra5 33. Nb3 Rxa2 {
Razovsky,V-Magomedov,M (2170)/Dagomys 2004/EXT 2005/0-1 (35)}) 19... dxc5 20.
d6 $44 {[%csl Gc7,Ge7]} c4 $6 {Semble assez risqué} (20... Bc6 21. Na4 $1 {
[%cal Ga4c5]} (21. Nd5 Qxd6 22. Rfe1 (22. Nb6 $2 Bxg2+)) 21... b6 22. Qb3+) (
20... Nc6 $142 $1 21. Qb3+ {[%cal Gb3g8,Gb3b7]}) 21. Rfe1 Kh8 22. Nd5 $1 $36 {
[%csl Gc7,Gd5,Ge7][%cal Gd5e7,Gd5c7]} Bg7 (22... Rc8 23. Nxf6 Qxf6 24. Bxe5
Qxe5 25. Bf3 {[%cal Gf3b7,Ge1e7]} Qf6 26. Re7) 23. Bxc4 Nxc4 {la position
noire s'écroule après l'échange de ce défenseur} 24. Qxc4 $40 {[%csl Rc7,Re7]}
Rc8 $6 (24... Qh4) 25. Qb3 Rc5 $2 26. Re7 $36 {[%csl Ge7]} Bc6 27. Nc7 $18 {
[%csl Re6][%cal Gc7e6]} Rf6 28. d7 1-0

[Event "Madrid"]
[Site "Madrid"]
[Date "1994.??.??"]
[Round "1"]
[White "Polgar, Judit"]
[Black "San Segundo Carrillo, Pablo"]
[Result "1-0"]
[WhiteElo "2630"]
[BlackElo "2470"]
[Annotator "RR"]
[PlyCount "75"]
[EventDate "1994.05.??"]
[EventType "tourn"]
[EventRounds "9"]
[EventCountry "ESP"]
[EventCategory "15"]
[SourceTitle "CBM 041"]
[Source "ChessBase"]
[SourceDate "1994.08.01"]
[SourceVersion "1"]
[SourceVersionDate "1994.08.01"]
[SourceQuality "1"]

1. e4 c5 2. Nf3 e6 3. d4 cxd4 4. Nxd4 Nf6 5. Nc3 Nc6 6. Ndb5 d6 7. Bf4 e5 8.
Bg5 a6 9. Na3 b5 10. Nd5 Qa5+ 11. Bd2 Qd8 12. Bd3 (12. Bg5 Qa5+ $10) (12. c4
Nxe4 $5 13. cxb5 Be6 14. Bc4 axb5 15. Nxb5 Qh4 $13) (12. Nxf6+ Qxf6 13. Bd3 (
13. c4 b4 $1 $10) 13... Qg6 $13) 12... Nxd5 13. exd5 Ne7 14. c4 g6 15. cxb5 (
15. O-O Bg7 16. Qe1 O-O 17. Ba5 Qe8 18. cxb5 Nxd5 19. Be4 Be6 $13 {Sharif,
Me-Kouatly,B/Marseille/1988/}) 15... Bg7 16. bxa6 (16. O-O O-O 17. Bc4 f5 18.
Bg5 $13) 16... O-O 17. Nb5 Bxa6 18. a4 $1 Rc8 19. O-O $5 (19. Qb3 f5 20. O-O)
19... Nxd5 20. Qb3 Nf4 21. Rfd1 Nxd3 22. Qxd3 Qh4 (22... d5 $6 23. Bb4 d4 $1
24. Bxf8 Qxf8 $44) 23. Qxd6 Bb7 24. Qb6 Ba8 25. h3 Rc2 26. Qe3 Rxb2 27. Nc7 Bb7
28. a5 f5 (28... Rc8) 29. a6 f4 30. Qc5 Bxg2 31. Kxg2 f3+ 32. Kh2 Rc2 $1 (32...
Rxd2 33. Rxd2 Qf4+ (33... Qg5 $2 34. Qd5+ $1 $18) 34. Kh1 Qxd2 35. a7 $18) 33.
Qb6 (33. Qxc2 $2 Qxf2+ 34. Kh1 Qg2#) 33... e4 $1 (33... Rxc7 34. Be3 $44) 34.
Be3 $2 (34. a7 $142 $1 {Windows Analyseprogramm} Rxd2 (34... Be5+ 35. Kg1 Qxh3
36. Qe6+ Qxe6 37. Nxe6 Bxa1 38. Nxf8 Ra2 39. Be3 Kxf8 40. Rd8+ $18) (34... Bxa1
35. Rxa1 $1 Rxd2 36. Qb3+ $1 Kg7 37. Qc3+ Qf6 $5 38. Ne6+ $1 Kh6 (38... Kf7 39.
Qxf6+ Kxf6 40. Nxf8 $18) 39. Qxd2+ g5 40. Qd5 $18) 35. Qe6+ (35. Rxd2 $2 Be5+
36. Kg1 Qg5+ 37. Kf1 Qg2+ 38. Ke1 Qh1#) 35... Kh8 36. Rxd2 Qg5 (36... Bxa1 37.
Qd6 $1 Qf6 38. Qxf6+ $16) (36... Qf4+ 37. Kh1 Be5 38. Qxe5+ Qxe5 39. a8=Q Rxa8
40. Rxa8+ $18)) 34... Be5+ $2 (34... Rxf2+ $142 $1 $19 35. Bxf2 {Now the
Bishop doesn t cover the g5 square.} Be5+ 36. Kg1 Qg5+ {The point} 37. Kf1 Qg2+
38. Ke1 Bc3+ 39. Rd2 Qh1+ 40. Bg1 f2+ 41. Qxf2 (41. Ke2 Qf3+ 42. Kf1 Qxh3+ 43.
Ke2 Qg4+ 44. Kf1 fxg1=Q#) 41... Rxf2 $1 (41... Bxd2+ $2 42. Kxd2 $1 Rxf2+ 43.
Bxf2 Qxa1 (43... Qh2 44. a7 Qxf2+ 45. Kc3 Qc5+ 46. Kd2 Qd6+ 47. Ke3 Qd3+ 48.
Kf4 g5+ 49. Kg4 Qf3+ 50. Kxg5 Qg3+ 51. Kf5 Qf3+ 52. Ke5 Qc3+ 53. Kxe4 $10) 44.
a7 $18) 42. Kxf2 Bxd2 $19 43. Ke2 Bc3 44. Bf2 Qf3+ 45. Kf1 Qh1+ 46. Ke2 Qxh3
47. Rd1 Qg4+) 35. Kg1 Bxc7 (35... Bxa1 36. Qe6+ $1 Kg7 (36... Kh8 37. Rxa1 Rxc7
38. a7 $18) 37. Ne8+ $1 Rxe8 38. Rd7+ $18) (35... Qxh3 36. Qe6+ $1 Qxe6 37.
Nxe6 Bxa1 38. Nxf8 Ra2 39. a7 Kxf8 40. Rd8+ $18) 36. Qe6+ Rf7 37. Rd7 Bh2+ 38.
Kh1 1-0

[Event "Plancoet op-A 10th"]
[Site "Plancoet"]
[Date "2013.07.30"]
[Round "4"]
[White "Lintchevski, Daniil"]
[Black "Bailet, Pierre"]
[Result "1-0"]
[WhiteElo "2529"]
[BlackElo "2476"]
[Annotator "RR"]
[PlyCount "73"]
[EventDate "2013.07.28"]
[EventType "swiss"]
[EventRounds "9"]
[EventCountry "FRA"]
[SourceTitle "EXT 2017"]
[Source "ChessBase"]
[SourceDate "2016.10.25"]
[SourceVersion "1"]
[SourceVersionDate "2016.10.25"]
[SourceQuality "1"]
[TimeControl "40/5400+30:1800+30"]

1. e4 c5 2. Nf3 Nc6 3. d4 cxd4 4. Nxd4 Nf6 5. Nc3 e5 6. Ndb5 d6 7. Bg5 a6 8.
Na3 b5 9. Nd5 Be7 10. Bxf6 Bxf6 11. c4 b4 12. Nc2 a5 13. g3 O-O 14. h4 Ne7 (
14... Be6 15. Bg2 Bxd5 16. cxd5 Nb8 17. O-O Na6 18. Ne3 Nc5 19. Rc1 Qb6 20. Re1
g6 21. Nc4 Qd8 22. Qd2 Bg7 23. h5 gxh5 24. Qe3 h4 25. Nxe5 dxe5 26. Qxc5 Qf6
27. Re3 h3 28. Rf3 Qg6 29. Bxh3 {Sanchez,J (2531)-Bailet,P (2425) Belfort 2012
1/2-1/2 (83)}) 15. Nxf6+ gxf6 16. Qd2 Kh8 17. Rd1 Bg4 $6 {Les Blancs ont
déjà un avantage "statique" et il me parait plus intéressant de jouer de
manière "dynamique" pour les Noirs} (17... Bb7 18. Bg2 f5 $5 {Un sacrifice
qui donne des bonnes compensations aux Noirs} (18... Ra6 19. Ne3 $16 {[%csl
Gd5,Gf5]}) 19. Qxd6 Qxd6 20. Rxd6 Rfd8 21. Rb6 Bxe4 22. Bxe4 fxe4 23. Ne3 Rab8
$44) 18. Be2 Bxe2 {Echange le mauvais B des blancs mais il s'agissait aussi de
la seconde ronde de la journée et la fatigue commençait à se faire sentir.}
19. Qxe2 $14 {[%cal Gc2e3,Ge3d5,Ge3f5,Ge3c4]} Rc8 (19... f5 20. c5 {[%cal
Gd1d8]}) 20. Ne3 Qd7 21. Qf3 $1 {[%csl Gd5,Gf5] Pierre n'a toujours pas
égalisé} Qe6 22. b3 Rg8 23. O-O Rcd8 24. Kh2 Nc6 $6 {[%cal Gc6d4]} 25. Nf5 $1
Ne7 26. Nxe7 Qxe7 27. Rd5 Ra8 28. Rfd1 Rgd8 29. Qd3 {[%cal Gc4c5]} a4 30. c5
axb3 31. axb3 Ra2 32. Rd2 Rxd2 33. Qxd2 $18 Qa7 34. Rxd6 Rc8 35. Qh6 Qxc5 36.
Qxf6+ Kg8 37. Rd7 {Une partie à dégouter de jouer la B33!} 1-0

[Event "POL-chT 66th"]
[Site "Katowice"]
[Date "2010.09.07"]
[Round "4"]
[White "Chojnacki, Krzysztof"]
[Black "Bobras, Piotr"]
[Result "1/2-1/2"]
[WhiteElo "2431"]
[BlackElo "2535"]
[Annotator "RR"]
[PlyCount "69"]
[EventDate "2010.09.04"]
[EventType "team-tourn"]
[EventRounds "9"]
[EventCountry "POL"]
[SourceTitle "EXT 2016"]
[Source "ChessBase"]
[SourceDate "2015.10.08"]
[SourceVersion "1"]
[SourceVersionDate "2015.10.08"]
[SourceQuality "1"]
[WhiteTeam "Poznan Pocztowiec"]
[BlackTeam "Katowice Szopienice"]
[WhiteTeamCountry "POL"]
[BlackTeamCountry "POL"]

1. e4 c5 2. Nf3 Nc6 3. d4 cxd4 4. Nxd4 Nf6 5. Nc3 e5 6. Ndb5 d6 7. Bg5 a6 8.
Na3 b5 9. Bxf6 gxf6 10. Nd5 f5 11. c3 Bg7 12. exf5 Bxf5 13. Nc2 O-O 14. Nce3
Be6 15. Bd3 f5 16. Qh5 e4 17. Bc2 Kh8 (17... Ne5 18. O-O-O a5 19. g4 Nd3+ 20.
Bxd3 exd3 21. gxf5 Bf7 22. Qg4 h5 23. Qg2 Kh7 24. Rxd3 Bh6 25. Kb1 b4 26. c4
Qh4 27. Nc7 Rac8 28. Ne6 Bxe6 29. Qg6+ {1-0 (30) Kosteniuk,A (2527)-Muzychuk,M
(2524) Khanty-Mansiysk 2014}) 18. Nf4 Qe8 19. Qxe8 Raxe8 20. Bb3 Bxb3 21. axb3
a5 $132 (21... b4 22. Kd2 Rc8 23. Ne6 bxc3+ 24. bxc3 Bxc3+ 25. Kxc3 Nd8+ 26.
Nc4 Nxe6 27. Rxa6 Nc7 28. Ra5 d5 29. Nb6 Rcd8 30. Rc1 Rd6 31. Kb2 Rf7 32. Ra7
Rxb6 33. Rcxc7 Rxc7 34. Rxc7 d4 35. Rd7 d3 36. Kc3 h6 37. Kd4 Rb7 38. Rd6 Kg7
39. Ke5 Rb5+ {1/2-1/2 (39) Kukk,R (2496)-Sender,C (2628) ICCF email 2000}) 22.
O-O b4 23. Rfd1 Be5 24. Nfd5 Rb8 25. Rab1 Rf7 26. f4 exf3 27. gxf3 f4 28. Nc4
bxc3 29. bxc3 Rfb7 30. b4 {Conduit à une simplification qui va entrainer une
nulle rapide} axb4 31. cxb4 Nxb4 32. Rxb4 Rxb4 33. Nxb4 Rxb4 34. Nxd6 Bxd6 35.
Rxd6 1/2-1/2